Protection of rubber wood by wood guard and oil based preservative (Record no. 48266)

MARC details
000 -LEADER
fixed length control field 00479nam a2200121Ia 4500
100 ## - MAIN ENTRY--AUTHOR NAME
Personal name Sharma M N
245 #0 - TITLE STATEMENT
Title Protection of rubber wood by wood guard and oil based preservative
260 ## - PUBLICATION, DISTRIBUTION, ETC. (IMPRINT)
Name of publisher In: Proceedings of the National Seminar on Processing and Utilisation of Plantation Timbers and Bamboo, 23-24 July 1998, IPIRTI, Bangalore, India, pp. 179-183.
700 ## - ADDED ENTRY--PERSONAL NAME
Personal name Ananthapadmanbha H C
700 ## - ADDED ENTRY--PERSONAL NAME
Personal name Nagaveni H C
942 ## - ADDED ENTRY ELEMENTS (KOHA)
Koha item type Bibliography RLWO
Holdings
Withdrawn status Lost status Damaged status Not for loan Home library Current library Date acquired Koha item type
      Bibliography RRII Library RRII Library 31/12/2021 Bibliography RLWO